LEADER 01057nam a2200265 4500 001 000000354138 003 CaOOAMICUS 005 20230609125502.0 008 230609s2011 it 000 u ita r 020 $a978-88-308-1124-9 040 $aSeMil$bita 100 1 $aGuenzi, Pier Davide.$0(OLS)http://semarc/name/13667 245 10$aSesso/genere :$boltre l'alternativa /$cPier Davide Guenzi. 264 1$aAssisi :$bCittadella,$c2011. 300 $a108 p. ;$c19 cm 490 1 $aL'etica e i giorni 650 4$aGender.$0(OLS)http://semarc/subject/15931 650 4$aIdentità di genere.$0(OLS)http://semarc/subject/51156 830 2$aL'etica e i giorni.$0(OLS)http://semarc/title/35123 850 $aSeMil 852 $aSeMil$W1$xVenegono$y1$m2MA K 9$j241295$B245377$CSeMilBibl$Z2$F245377 $81 996 $6020$a978-88-308-1124-9$9(OLS)http://semarc/number/298307 996 $6245$aSesso/genere :$boltre l'alternativa$9(OLS)http://semarc/title/444273 996 $6264$aAssisi :$bCittadella$9(OLS)http://semarc/publisher/29661 LEADER 00833nam a2200205 i 4500 001 000000058996 003 CaOOAMICUS 005 20121128000000.0 008 121128s1942 it u000 u ita u 013 $a30168 040 $aSeMil$bita 100 1 $aOlivero, Giuseppe.$0(OLS)http://semarc/name/30094 245 13$aLe disposizioni a favore dell'anima nella legislazione vigente /$cGiuseppe Olivero. 260 $aMilano :$bGiuffrè,$c1942. 300 $a140 p. ;$c26 cm. 650 4$aDiritto canonico - Studi.$0(OLS)http://semarc/subject/1680 850 $aSeMil 852 $aSeMil$W1$xVenegono$y1$m2J III 111$j25149$B25149$CSeMilBibl$Z2$F25152 $81 996 $6245$aLe disposizioni a favore dell'anima nella legislazione vigente$9(OLS)http://semarc/title/92084 996 $6260$aMilano :$bGiuffrè$9(OLS)http://semarc/publisher/29926